[Event "EU-ch 4th"]
[Site "Istanbul"]
[Date "2003.06.11"]
[Round "11"]
[White "Korobov, Anton"]
[Black "Andersson, Ulf"]
[Result "1-0"]
[WhiteElo "2513"]
[BlackElo "2594"]
[Annotator "Gershon,A"]
[PlyCount "71"]
[EventDate "2003.05.30"]
[EventType "swiss"]
[EventRounds "13"]
[EventCountry "TUR"]
[SourceTitle "CBM 096"]
[Source "ChessBase"]
[SourceDate "2003.09.25"]
[SourceVersion "1"]
[SourceVersionDate "2003.09.25"]
[SourceQuality "1"]

1. d4 Nf6 2. c4 e6 3. Nf3 Bb4+ 4. Nbd2 b6 5. g3 Ba6 6. Qc2 Bb7 7. Bg2 c5 8.
dxc5 Bxc5 9. O-O Be7 10. b3 Qc7 11. Bb2 d6 12. e4 (12. Rac1 Nbd7 $5 13. e4 O-O
14. Nd4 a6 15. Rfe1 Rfe8 16. Qd1 Rac8 17. Nb1 Qb8 18. Nc3 Bf8 19. h3 Ba8 20. a4
g6 21. Rb1 Bg7 22. Ba1 {1/2-1/2 Sakaev,K-Chuchelov,V/Halkidiki 2002/CBM 92 no
vc (22).}) 12... O-O 13. Nd4 a6 14. Rac1 Nc6 $6 {A somewhat careless move,
after which black finds his pieces a bit discoordinated.} (14... Nbd7) 15. Nb5
$5 {White wants to drive his N to c3 anyway, so why not do that with a tempo,
disorganizing black pieces in the process? Playing this move, white had to
carefully evaluate the endgame arising if black accepts the sacrifice.} Qb8 $6
{Giving white the initiative for good. I think black was better of going into
the endgame with an extra pawn.} (15... axb5 16. cxb5 Rxa2 17. bxc6 Bxc6 $1 (
17... Ba6 18. Rfd1 {[%csl Yc6] the pawn on c6 is too strong.}) 18. e5 $1 Nd5
19. Qxc6 Qxc6 20. Rxc6 Rxb2 21. Nc4 Rxb3 22. exd6 Bd8 23. Rc8 $14 {White's
compensation for the pawn is obvious. However, it's hard to saw whether it
will be enough for more than a draw.} f6 {[%cal Gg8f7]}) 16. Nc3 Ra7 17. Rfd1
Ba8 18. Nf1 {[%cal Gf1e3] white was able to rearrange his forces.} b5 $6 {
A thematic advance. Without the white pawn on c4, black finds it much easier
to play d6-d5 later on. However, in this case white is very well prepared to
meet d5, and b5 can become an object for white's play later on.} (18... Nd7 {
[%cal Ge7f6] looks more solid}) 19. cxb5 axb5 20. Ne3 Nb4 {[%cal Gb4a6,Ga6c5]}
(20... b4 {gives away too many squares.} 21. Na4 Rc8 22. Nc4 $14 {[%csl Rb6,
Rd6][%cal Ya4b6]}) 21. Qb1 Na6 22. Ba1 $1 {intending to play b4, thus fixing
black pawn on b5, where it can be a potential weakness, and taking away the
'c5' square from black N's.} Nc5 23. b4 Na4 24. Ne2 {[%cal Ge2d4]} e5 {Is such
moves are called to justify black's play, he must have went wrong somewhere.}
25. Nf5 $6 (25. g4 $5 Nb6 26. g5 Ne8 27. h4 Nc4 28. Nf5) 25... Rd8 26. Qd3 Rad7
$2 {A final mistake. Black must push 'd5' seeking for counterplay.} (26... d5
$1 27. Nxe7+ Rxe7 28. exd5 Nxd5 29. Qf5 Nab6 30. Rc5 Nxb4 31. Rxd8+ Qxd8 32.
Bxa8 Qxa8 33. Rxe5 Rd7 34. Qe4 $14) 27. g4 $1 Bf8 $2 {Giving white too much
space to attack.} (27... Nxg4 $4 28. Qg3 h5 29. h3 $18) (27... h6 $1 28. Qe3 (
28. h4 $140 $6 Nxg4 29. Qg3 h5 30. f3 Qb6+ 31. Ned4 $1 Bf6 32. fxg4 exd4 33.
Bxd4 (33. gxh5 Nc3 $13) 33... Bxd4+ 34. Rxd4 $40)) 28. g5 Ne8 29. f4 $1 $18 {
[%csl Ra4,Re8][%cal Ga1g7]} Qb6+ (29... Qa7+ $142 30. Kh1 d5 31. Qxb5 g6 32.
Nh6+ Bxh6 33. gxh6 exf4 34. e5 $1 $16) 30. Kh1 g6 (30... d5 31. fxe5 dxe4 32.
Qxd7 Rxd7 33. Rxd7 Qe6 34. Rd8 Qxf5 35. Rxe8 $18) 31. Ne3 exf4 $2 {a suicide.}
(31... Bg7 $142 32. Bh3 $16) 32. Nxf4 Qa6 33. Nfd5 Bxd5 34. Nxd5 Bg7 35. Bxg7
Kxg7 36. Bh3 (36. Bh3 Ra7 37. Qd4+ Kg8 38. Bc8 $1 Rxc8 39. Rxc8 Qxc8 40. Qxa7
Qg4 (40... Qc2 41. Qd4 $18) 41. Nf6+ $1 Nxf6 42. Qb8+ Kg7 43. gxf6+ Kxf6 44.
Qxd6+ $18) 1-0

[Event "EU-ch 4th"]
[Site "Istanbul"]
[Date "2003.06.11"]
[Round "11"]
[White "Huzman, Alexander"]
[Black "Beliavsky, Alexander G"]
[Result "1/2-1/2"]
[WhiteElo "2589"]
[BlackElo "2649"]
[Annotator "Gershon,A"]
[PlyCount "144"]
[EventDate "2003.05.30"]
[EventType "swiss"]
[EventRounds "13"]
[EventCountry "TUR"]
[SourceTitle "CBM 096"]
[Source "ChessBase"]
[SourceDate "2003.09.25"]
[SourceVersion "1"]
[SourceVersionDate "2003.09.25"]
[SourceQuality "1"]

1. d4 Nf6 2. Nf3 e6 3. c4 b6 4. g3 Ba6 5. Qb3 Nc6 6. Nbd2 Na5 7. Qc3 (7. Qc2 c5
8. e4 cxd4 9. e5 Ng4 (9... Ng8 $143 $2 10. Bd3 Rc8 11. O-O f5 12. exf6 Nxf6 13.
Ng5 Qc7 14. b3 Bd6 15. Bxh7 Ke7 16. Qg6 Rcf8 17. Qxg7+ $18 {1-0 Panchenko,
A-Pogorelov,R/Gyor 1990/EXT 97 (43)}) 10. h3 Nh6 11. Bd3 Bb7 12. O-O Nc6 13. a3
d6 14. Qa4 Qd7 15. exd6 Bxd6 16. Ne4 Be7 17. Bxh6 gxh6 18. Rfe1 O-O 19. Qc2 Kh8
20. b4 f5 $132 {0-1 Grivas,E-Bagaturov,G/Chania 2000/EXT 2001 (41)}) 7... c5 8.
dxc5 bxc5 9. e4 Bb7 (9... d6 10. a3 Bb7 11. b4 Nc6 12. Bg2 Be7 13. b5 Qa5 14.
Qd3 Ne5 15. Nxe5 dxe5 16. O-O O-O 17. a4 Rfd8 18. Qc2 Rd7 19. Nb3 Qc7 20. Bd2
Qd6 21. Be3 Qc7 22. Rfd1 Rad8 23. f3 Rxd1+ 24. Rxd1 Rxd1+ 25. Qxd1 Nd7 26. Qd3
$14 {1/2-1/2 Kramnik,V-Almasi,Z/Monaco MNC 2002/The Week in Chess 385 (75). 
(74)}) 10. e5 Ne4 11. Nxe4 Bxe4 12. Bg2 Be7 13. O-O Rb8 (13... O-O 14. Bd2 ({
After the naturally looking} 14. Be3 {white would find it difficult to get rid
of the black bishop on e4} Nc6 {[%cal Gd8a5,Ga8b8] an the position is about
equal}) 14... Nc6 15. Qe3 Bxf3 16. Bxf3 Nd4 17. Bc3 (17. Bxa8 $143 Qxa8 {
[%cal Gd4f3]} 18. f3 Nc2 19. Qd3 Nxa1 20. Rxa1 Qc6 {[%cal Gf7f6] is good for
black!}) 17... Nxf3+ (17... Nc2 {is bad due to:} 18. Qd3 ({less is:} 18. Qe4
Nxa1 19. Qxa8 Qxa8 20. Bxa8 Rxa8 21. Rxa1 Rb8 22. Rd1 Rb7 23. b3 {is
unpleasant for black - his pawns are weak and the bishop more passive.}) 18...
Nxa1 19. Bxa8 Qxa8 20. Qxd7 $16 {winnning a pawn}) 18. Qxf3 f6 19. Rad1 {
Lautier - Gelfand/ Cannes 2002}) 14. Re1 $146 ({black had no problems after} 
14. b3 Nc6 15. Bb2 O-O 16. Qe3 Bg6 17. Rfd1 Qc7 {in Gelfand - Almasi/Budapest
2003}) 14... Bg6 15. Nd2 {[%cal Gd2b3] An interesting idea by white. The
knight is heading to b3, intending to open the 'a' file , and through it wants
to put pressure on black's position. However, black will have a sufficient
counterplay along the 'b' file.} f6 $1 {Black realizes that he needs to open
other fields of battle, in order to develop counterplay} 16. Nb3 Nxb3 17. axb3
fxe5 18. Qxe5 ({after} 18. Rxa7 Qb6 19. Ra5 d6 {black hs too strong of a
center to have any problems.}) 18... O-O 19. Rxa7 Rxb3 20. Be3 {[%csl Rb2,Rc4,
Rc5,Rd7] Each player has his objects to play against. For now white has the
more active pieces, but black's next strong move forces his to exchange his
most active one - the Q} Bf5 $1 {[%cal Gd7d6]} (20... Bf6 21. Qxc5 Rxb2 22. Qd6
$16 {[%csl Rd7]}) 21. Qc7 (21. Bxc5 $5 {was the only way for white to fight
for an advantage. However, this continuation envolves a great deal of risk.} d6
22. Qe2 dxc5 23. g4 Bf6 $1 (23... Bd6 24. gxf5 Bxh2+ $1 25. Kh1 (25. Kxh2 Qb8+
26. Kg1 Qxa7 $17) 25... Bb8 26. Qxe6+ Kh8 27. Re7 $16) ({the natural} 23... Qd4
$2 {is refuted nicely with:} 24. gxf5 Rxb2 25. Qxe6+ Kh8 26. Qe3 Bh4 27. Ra8 $3
Bd8 $8 ({of course not:} 27... Rxa8 $4 28. Qe8+) (27... Bxf2+ $4 28. Kh1 Qd6
29. Qd3 $1 $18) 28. Qxd4 cxd4 29. Bd5 $16) 24. gxf5 exf5 25. Qe6+ Kh8 26. Rf7 (
26. Ra8 Rb8 $11) (26. Qxf5 Bc3 27. Qxf8+ Qxf8 28. bxc3 {The draw seems to be
the most likely result}) 26... Rxb2 27. Rxf8+ Qxf8 28. Qxf5 {white has a
symbolic advantage, which will not be enough for a win.}) 21... Qxc7 22. Rxc7
Rd8 {the position is roughly equal now} 23. Bxc5 Bxc5 24. Rxc5 Rxb2 25. Rc7 Rd2
26. c5 Rb8 27. Be4 Bh3 {Black is playing for a win, avoiding clear drawing
lines.} (27... Bxe4 28. Rxe4 Rbb2 29. Rf4 g5 30. Rf6 Rbc2 {is drawish}) 28. Ra1
$1 Rf8 (28... Rbb2 $2 29. c6 $1 $16) 29. f4 e5 30. Ra8 $2 ({Accepting the sac
looks dangerous, but ,nevertherless, white proves to be fine in all variations.
} 30. fxe5 h6 $1 ({the natural:} 30... Rdf2 {is refuted nicely with:} 31. Bd5+
Kh8 32. Rc8 $1 {and white is winning}) 31. c6 (31. Rca7 Re2) 31... dxc6 32.
Bxc6 $16) 30... Rxa8 31. Bxa8 exf4 {Now it is black who is pressing for a win,
due to a strong rook, and better pawn formation} 32. gxf4 Kf7 33. Bf3 (33. c6
$4 Rg2+ 34. Kh1 Ra2 $19) 33... Kf6 34. c6 d5 ({after} 34... dxc6 35. Rxc6+ Kf5
36. Rc4 {there is too little material left on the board for black to hope for
any winning chances}) 35. Ra7 d4 36. c7 Rc2 37. Be4 d3 38. Ra1 ({A computer
comes up with a surprising line:} 38. Bxd3 $2 Rg2+ 39. Kh1 Rd2 40. Ra6+ $1 Ke7
41. c8=N+ $1 Kf8 42. Kg1 Rxd3 43. Nd6 Rf3 44. Ra1 Rxf4 {however, here black
has good winning chances}) 38... Rxc7 39. Bxd3 Rc3 40. Bf1 {white was able to
exchange the 'c' and 'd' pawns, and now, the draw is just a matter of
technique. The point is that a B ending with pawns 'h' & 'g' vs 'h' is an easy
draw.} Bg4 41. Ra6+ Kf5 42. Ra7 Kg6 43. Ra6+ Kh5 44. Ra7 Kh6 45. Ra6+ {White
is simply attacking the black pawns, not allowing his to even activate the king
} g6 46. Ra7 Bf5 $1 {finding the only way to proceed: the bishop is heading to
e4, and the rook will go to the 'h' file} 47. Kf2 Be4 48. Be2 Rh3 49. Kg1 Rh4
50. Rf7 Bf5 {eventually, black won a pawn, but the position is still drawn.
All white has to do, is wait} 51. Kg2 Rxf4 52. Kg3 Ra4 53. Bf3 Ra3 54. Kf2 Ra5
55. Kg3 g5 56. Rf6+ Kg7 57. Rb6 Ra3 58. Rb7+ Kf6 59. Rb6+ Ke7 60. Rb7+ Kd6 61.
Rb6+ Kc5 62. Rf6 Bb1 63. Kf2 Bg6 64. h4 {White saw a forced way to make the
draw inevitable.} gxh4 65. Rf4 Ra2+ 66. Kg1 h3 67. Rh4 Rb2 (67... Ra3 68. Kf2
$11) 68. Rxh3 Kd4 69. Rh2 Rb3 70. Kf2 Ke5 71. Rh4 Kf5 72. Be4+ $1 Kg5 (72...
Kg5 73. Bxg6 {any capture is leading to a theoretical draw now:} Kxh4 (73...
hxg6 74. Ra4 $11) 74. Bxh7 $11) 1/2-1/2

[Event "Selfoss Milk Masters 1st"]
[Site "Selfoss"]
[Date "2002.10.16"]
[Round "9"]
[White "Hracek, Zbynek"]
[Black "Stefansson, Hannes"]
[Result "1/2-1/2"]
[WhiteElo "2607"]
[BlackElo "2566"]
[Annotator "Gershon,A"]
[PlyCount "53"]
[EventDate "2002.10.08"]
[EventType "tourn"]
[EventRounds "9"]
[EventCountry "ISL"]
[EventCategory "12"]
[SourceTitle "CBM 092"]
[Source "ChessBase"]
[SourceDate "2003.02.06"]
[SourceVersion "1"]
[SourceVersionDate "2003.02.06"]
[SourceQuality "1"]

1. d4 Nf6 2. c4 e6 3. Nf3 b6 4. g3 Ba6 5. b3 Bb4+ 6. Bd2 Be7 7. Bg2 c6 8. Bc3
d5 9. Ne5 Nfd7 10. Nxd7 Nxd7 11. Nd2 O-O 12. O-O Nf6 13. e4 b5 14. Re1 (14. e5
Nd7 15. Re1 {I don't see any reason to play Re1 after e5. The point is that
after bxc4 dxc4 dxc4 black gains control over an important d5 square} (15. c5 {
an attempt to get a big spatial advantage in a cost of an exhchange. Although,
after the sacrifice, white is not in risk to lose, it's quite impossible for
his to win, either.} b4 16. Bxb4 Bxf1 17. Nxf1 f5 18. Ne3 Kh8 19. Nc2 g5 20.
Bd2 g4 21. Nb4 Rc8 22. Nd3 Rf7 23. h4 $11 {1/2-1/2 Barus,C-San Segundo
Carrillo,P/Bled SLO 2002/The Week in Chess 417 (42)}) 15... bxc4 16. bxc4 dxc4
17. Bxc6 Rc8 18. Qa4 Nb6 19. Qxa6 Rxc6 20. Qxa7 Nd5 21. Ne4 Rc7 22. Qa6 Nxc3
23. Nxc3 Bb4 24. Rec1 Bxc3 25. Rxc3 Qxd4 $11 {1/2-1/2 Burmakin,V-Ehlvest,J/
Ohrid 2001/CBM 84 (35)}) 14... bxc4 $146 {This is a first appearance for this
move in tournament practice.} (14... dxe4 15. Qc2 (15. Nxe4 $6 bxc4 16. Nxf6+
Bxf6 17. Bb4 Bxd4 18. Rc1 Bxf2+ 19. Kxf2 Qb6+ 20. Re3 Qxb4 21. bxc4 Bxc4 $17 {
0-1 Djuric,V-Stojanovic,N/Obrenovac YUG 2002/The Week in Chess 377 (24)}) 15...
Rb8 16. Rad1 Qc7 17. Nxe4 bxc4 18. Nxf6+ Bxf6 19. bxc4 c5 20. d5 Bxc3 21. Qxc3
exd5 22. Bxd5 Bb7 23. Qe5 $14 {1/2-1/2 Karpov,A-Leko,P/Linares 2001/CBM 82 (57)
. (57)}) 15. bxc4 dxc4 16. Qa4 {forcing the bishop to b5, thus closing the 'b'
file.} (16. Bf1 $5 c5 17. Nxc4 cxd4 18. Bxd4 $14) 16... Bb5 17. Qc2 Qc7 18. Nf1
{[%cal Gf1e3]} (18. Rab1 {was also worth considering, preparing Bf1}) (18. Bf1
c5) 18... Rfd8 (18... c5 {is always met with:} 19. d5 $16) 19. Ne3 $2 {missing
black's strong resource, and letting the advantage go.} (19. Rab1 a5 20. Red1 {
not allowing Bb4, would keep white in charge.}) 19... a5 $1 20. Rab1 Bb4 {
after the exchange of the dark B's , black will create counterplay against
white's d4 pawn, which should secure him the draw} 21. Red1 Bxc3 22. Qxc3 Rd7
23. Nxc4 Bxc4 24. Qxc4 Rad8 {[%csl Rc6,Rd4]} 25. e5 {making sure not to become
worse.} Nd5 26. Rbc1 g6 27. Qxc6 (27. Qxc6 Qxc6 28. Rxc6 Nb4 29. Rc5 Nxa2 30.
d5 exd5 31. Rd2 (31. Bxd5 Nb4 $19) 31... Nb4 32. Rxa5 Nc6 33. Raxd5 Nxe5 $11)
1/2-1/2

[Event "EU-ch 4th"]
[Site "Istanbul"]
[Date "2003.05.31"]
[Round "2"]
[White "Chuchelov, Vladimir"]
[Black "Kritz, Leonid"]
[Result "1/2-1/2"]
[WhiteElo "2592"]
[BlackElo "2468"]
[Annotator "Gershon,A"]
[PlyCount "61"]
[EventDate "2003.05.30"]
[EventType "swiss"]
[EventRounds "13"]
[EventCountry "TUR"]
[SourceTitle "CBM 096"]
[Source "ChessBase"]
[SourceDate "2003.09.25"]
[SourceVersion "1"]
[SourceVersionDate "2003.09.25"]
[SourceQuality "1"]

1. Nf3 Nf6 2. c4 b6 3. d4 e6 4. g3 Ba6 5. Qa4 c5 6. Bg2 Bb7 7. dxc5 Bxc5 8. O-O
O-O 9. Nc3 Be7 10. Bf4 Na6 11. Rfd1 Nc5 12. Qc2 Qc8 13. Rd4 d5 14. cxd5 (14.
Rc1 Nce4 15. Nxe4 dxe4 16. Ne5 h6 17. Qc3 Rd8 18. Rcd1 Rxd4 19. Rxd4 Qe8 20. h3
{1/2-1/2 Khalifman,A-Leko,P/Wijk aan Zee NED 2002/The Week in Chess 377 (20)})
14... exd5 {An interesting approach. Black creates himself an isolated pawn,
but gets an active play for his pieces. The immediate threat is: Ne6} (14...
Nxd5 15. Nxd5 Bxd5 16. Ng5 ({of course not} 16. e4 $4 {which is losing a pawn:}
Nxe4 {[%csl Rc2][%cal Gc8c2]}) 16... Bxg5 17. Bxg5 (17. Bxd5 {Would lead to a
slightly better endgame for white.} exd5 $1 18. Bxg5 Ne4 19. Qxc8 Raxc8 20. Be3
$1 (20. Rxd5 $6 Nxg5 21. Rxg5 Rc2 $15) 20... Rc2 21. f3 Nf6 (21... Rxe2 22.
fxe4 Rxe3 23. exd5 $14) 22. Rd2 $14) 17... Bxg2 18. Kxg2 Qb7+ 19. Kg1 e5 $14 {
1/2-1/2 Kuzmin,A-Ravi,T/Calcutta 2002/CBM 88_01/[Gershon] (40). (40)}) 15. Rdd1
Nce4 16. Rac1 Nxc3 {A new idea introduced into GM practice by J.Timman. Until
now black was trying to keep as many pieces on the board, using them actively
to compensate for the isolated pawn. The concept of this idea is to eliminate
as many heavy pieces as possible along the open 'c' file, thus significantly
reducing white's pressure on the pawn.} (16... Bc5 17. Nd4 (17. e3 Nxc3 18.
Qxc3 Ne4 19. Qd3 Qe6 20. Be5 Rac8 21. Bd4 $14) 17... Re8 18. Nxe4 (18. e3 $5
Nxc3 19. Qxc3 Ne4 20. Qe1 Qd7 21. Nb3 Qa4 22. Nxc5 bxc5 23. f3 $14 {1/2-1/2
Almasi,Z-Leko,P/Monte Carlo MNC 2003/The Week in Chess 436 (70)}) 18... Nxe4
19. Qd3 Qd8 20. Qf3 a5 21. Be3 Nd6 22. Bf4 Ne4 23. Be3 Nd6 24. Bf4 Ne4 {
1/2-1/2 Timman,J-Grischuk,A/Wijk aan Zee NED 2003/The Week in Chess 427 (24)})
17. Qxc3 Qxc3 18. Rxc3 Rfc8 $146 {A very logical continuation of black's plan
began on his 16th move.} ({After} 18... Bc5 {white was able to get a slight
pressure after} 19. Nd4 Rfe8 20. Rc2 Ne4 21. Kf1 g6 22. Nb3 Rac8 23. f3 Nf6 24.
Bh3 $14 {in Nikolic,P-Timman,J/Enschede 2002/CBM 89 (63) 1/2-1/2}) 19. Rxc8+
Rxc8 {[%cal Gc8c2] After the exchange of one pair of rooks, black is
controling the 'c' file, which ensures his counterplay.} 20. Nd4 Bc5 21. Nf5 (
21. Bh3 Re8 {[%csl Re2]} 22. e3 {[%csl Rf4]} h6 $11 {[%cal Gg7g5]}) 21... Ba6
$1 {Preventing white from exchanging the minor pieces.} (21... g6 $143 {
would have led to a pleasant edge for white after:} 22. Nd6 Bxd6 23. Bxd6 Rc2
24. Be5 (24. Bf3 $143 Ne4 25. Be5 f6 26. Bd4 Ba6 $11) 24... Nd7 25. Bc3 Rxe2
26. Bxd5 Bxd5 27. Rxd5) 22. e3 g6 23. Nh6+ (23. Nd6 Bxd6 (23... Rd8 24. Ne4 $1
$16 {[%csl Rd5]}) (23... Rc6 24. Bxd5 Rxd6 25. Bxd6 Bxd6 26. Bxf7+ Kxf7 27.
Rxd6 Bb7 28. Rd4 g5 $13) 24. Bxd6 Rc2 25. h3 $1 (25. Be5 $2 Ng4 26. Bc3 Bc4 27.
Bxd5 Nxf2 $1 $15) 25... Be2 26. Re1 Ne4 27. Be5 Bc4 $15) 23... Kf8 $2 {Black
was probably afraid of a possible pin on the Nf6 after 23..Kg7 .However, as my
good buddy fritzie shows, black is alright then.} (23... Kg7 $142 {It is
important to attack the N.} 24. Bxd5 (24. Be5 Be7 $1 25. Ng4 Be2 26. Nxf6 Bxd1
27. Nxd5+ Kf8 $15) 24... Rd8 25. Bb3 Rxd1+ 26. Bxd1 Nd5 27. Ng4 Nxf4 28. gxf4
f6 $1 {[%csl Rg4] Black's pair of B should suffice for a draw.}) 24. Be5 $6 {
Probably missing black's 25th move} (24. Bxd5 $142 $5 Nxd5 (24... Rd8 25. Bb3
Rxd1+ 26. Bxd1 $16) 25. Rxd5 Bc4 26. Rd7 Bxa2 27. Rxa7 Be6 $14 28. h3 $1 {
white's chances lie in the active position of his rook, rather than the extra
pawn.}) 24... Ne4 25. Rxd5 Bxe3 $1 26. Bxe4 Bxh6 27. Rd7 {Looks like white is
in charge here, but black has enough counterplay against white's king and the
hanging bishops..} Rc1+ 28. Kg2 Re1 29. Bd6+ Kg7 30. Be5+ (30. Bd5 Bf1+ 31. Kf3
Be2+ {white cannot escape the perpetual.}) 30... Kf8 31. Bd6+ {An important
game from theoretical point of view.} 1/2-1/2

[Event "EU-ch 4th"]
[Site "Istanbul"]
[Date "2003.06.02"]
[Round "4"]
[White "Schandorff, Lars"]
[Black "Nyysti, Sampsa"]
[Result "1-0"]
[WhiteElo "2563"]
[BlackElo "2437"]
[Annotator "Gershon,A"]
[PlyCount "35"]
[EventDate "2003.05.30"]
[EventType "swiss"]
[EventRounds "13"]
[EventCountry "TUR"]
[SourceTitle "CBM 096"]
[Source "ChessBase"]
[SourceDate "2003.09.25"]
[SourceVersion "1"]
[SourceVersionDate "2003.09.25"]
[SourceQuality "1"]

1. d4 Nf6 2. Nf3 e6 3. c4 b6 4. g3 Ba6 5. b3 Bb4+ 6. Bd2 Be7 7. Nc3 O-O 8. Qc2
d5 9. cxd5 exd5 ({White had a long term advantage after:} 9... Nxd5 10. Nxd5
exd5 11. e3 Bxf1 12. Kxf1 Nd7 13. Qc6 Nf6 14. Kg2 Bd6 15. Rhc1 Qe7 16. b4 Rfc8
17. Rab1 $14 {in Nikolic,P-Macieja,B/Solingen GER 2002/The Week in Chess 424 
(53) 1-0}) 10. Bg2 (10. Bh3 {is another attempt to tackle black's development,
but doesn't seem to change the evaluation of the variation.} c5 11. O-O Nc6 12.
Be3 Nb4 (12... Bc8 13. Bg2 Be6 14. Rad1 h6 15. Ne5 $14 {1/2-1/2 Gelfand,
B-Berkes,F/Budapest HUN 2003/The Week in Chess 441 (29)}) 13. Qb2 Ne4 14. Rac1
Bf6 15. Rfd1 Qe7 16. Bf1 Rfd8 17. Qb1 {1/2-1/2 Nikolic,P-Hracek,Z/Solingen GER
2002/The Week in Chess 424 (17).}) 10... Re8 $6 {A bit slow, allowing white to
arrange his pieces with comfort.} ({black had no problems whatsoever after:} 
10... c5 $142 $1 11. Rd1 Nc6 12. Bg5 h6 13. Be3 Qc8 14. O-O Rd8 {in Zhu Chen -
Lautier,Dubai 2002.}) 11. O-O Bd6 $2 {allowing white to get a big advantage
with a nice tactical shot.} (11... c5 $5) ({or} 11... h6 {were called for}) 12.
Bg5 $2 (12. Nxd5 $1 Rxe2 (12... Nxd5 13. Ng5 Bb7 14. Qxh7+ Kf8 15. Qh8+ Ke7 16.
Qxg7 $18) 13. Ng5 Nbd7 14. Rfe1 $16) 12... Nbd7 $5 {Trying to get some
counterplay.} (12... c6 $143 13. Rfe1 h6 14. Bxf6 Qxf6 15. e4 {[%cal Ge4e5]}
Qg6 (15... dxe4 $2 16. Nxe4 Qg6 17. Nf6+ $1 $18) 16. Nh4 $1 Qe6 17. Nf5 Bf8 18.
Bh3 $16) 13. Nxd5 Rxe2 14. Qf5 Bb7 $2 {A decisive blunder, losing the game on
the spot.} (14... h6 $1 {taking the 'g5' square under control is vital} 15. Bh4
(15. Bxf6 Nxf6 16. Nxf6+ Qxf6 17. Qxf6 gxf6 $11) 15... Bb7 16. Rfe1 Rxe1+ 17.
Nxe1 $14) 15. Bxf6 $1 Nxf6 (15... gxf6 16. Qxd7 $1 Bxd5 17. Qg4+ Kh8 18. Ng5 $1
fxg5 19. Bxd5 $18) 16. Ng5 $1 {black position is hopeless now.} Nxd5 (16...
Bxd5 {would have led to material losses.} 17. Bxd5) 17. Qxf7+ Kh8 18. Qh5 (18.
Qh5 Nf6 19. Qxe2 $18) 1-0